[Event "FRA-chT2 North 0809"]
[Site "France"]
[Date "2009.04.05"]
[Round "11.1"]
[White "Saiboulatov, Danial"]
[Black "Vaugeois, Stephane"]
[Result "1-0"]
[WhiteElo "2370"]
[BlackElo "2094"]
[PlyCount "67"]
[EventDate "2008.10.19"]
[EventType "team-tourn"]
[EventRounds "11"]
[EventCountry "FRA"]
[SourceTitle "EXT 2010"]
[Source "ChessBase"]
[SourceDate "2010.11.25"]
[SourceVersion "1"]
[SourceVersionDate "2010.11.25"]
[SourceQuality "1"]
[WhiteTeam "Arras"]
[BlackTeam "Gonfreville II"]
[WhiteTeamCountry "FRA"]
[BlackTeamCountry "FRA"]

1. e4 d6 2. d4 Nf6 3. Nc3 g6 4. f4 Bg7 5. Nf3 c5 6. Bb5+ Bd7 7. Bxd7+ Qxd7 8. d5 0-0 9. 0-0 Na6 10. e5 Ne8 11. Ne4 b5 12. a4 b4 13. c4 bxc3 14. bxc3 c4 15. Ra2 Rc8 16. Be3 Qf5 17. Nf2 dxe5 18. Nxe5 Bxe5 19. fxe5 Qxe5 20. Ng4 Qd6 21. Nh6+ Kg7 22. Qg4 Nf6 23. Rxf6 Qxf6 24. Bd4 Kxh6 25. Bxf6 exf6 26. Rf2 f5 27. Qd4 Nc5 28. Rf3 Ne4 29. Rf1 Rfd8 30. g4 Nd6 31. h3 fxg4 32. hxg4 f5 33. Kg2 fxg4 34. Qf6 1-0

[Event "FRA-chT2 North 0809"]
[Site "France"]
[Date "2008.11.22"]
[Round "2.1"]
[White "Spraggett, Kevin"]
[Black "Vaugeois, Stephane"]
[Result "1-0"]
[WhiteElo "2597"]
[BlackElo "2094"]
[PlyCount "97"]
[EventDate "2008.10.19"]
[EventType "team-tourn"]
[EventRounds "11"]
[EventCountry "FRA"]
[SourceTitle "EXT 2010"]
[Source "ChessBase"]
[SourceDate "2010.11.25"]
[SourceVersion "1"]
[SourceVersionDate "2010.11.25"]
[SourceQuality "1"]
[WhiteTeam "Gif sur Yvette"]
[BlackTeam "Gonfreville II"]
[WhiteTeamCountry "FRA"]
[BlackTeamCountry "FRA"]

1. c4 Nf6 2. Nf3 g6 3. b3 Bg7 4. Bb2 0-0 5. g3 d5 6. Bg2 c5 7. cxd5 Nxd5 8. Bxg7 Kxg7 9. Qc1 Qd6 10. Nc3 Nxc3 11. Qxc3+ Qf6 12. Ne5 a5 13. 0-0 a4 14. f4 axb3 15. axb3 Rxa1 16. Rxa1 Na6 17. d4 cxd4 18. Qxd4 Qd6 19. Qxd6 exd6 20. Nc4 Bg4 21. Kf2 Re8 22. h3 Be6 23. Nxd6 Rb8 24. Nxb7 Nb4 25. Nc5 Nc2 26. Ra7 Bxb3 27. Nxb3 Rxb3 28. Bd5 Ra3 29. Rxf7+ Kh8 30. Re7 Rc3 31. h4 Ra3 32. h5 gxh5 33. Be4 Ne3 34. Rxh7+ Kg8 35. Rxh5 Ng4+ 36. Kg2 Ne3+ 37. Kh3 Nf1 38. Bd3 Ra1 39. Kg2 Ne3+ 40. Kf3 Nf1 41. g4 Nd2+ 42. Ke3 Nf1+ 43. Kf2 Nd2 44. Rb5 Ra3 45. g5 Kh8 46. f5 Nb3 47. Rb8+ Kg7 48. f6+ Kf7 49. Bc4+ 1-0

[Event "FRA-chT"]
[Site "France"]
[Date "1996.??.??"]
[Round "?"]
[White "Capit, Francois"]
[Black "Vaugeois, Stephane"]
[Result "1-0"]
[WhiteElo "2195"]
[BlackElo "2160"]
[PlyCount "57"]
[EventDate "1996.??.??"]
[EventType "team"]
[EventRounds "11"]
[EventCountry "FRA"]
[SourceTitle "CBM 055 Extra"]
[Source "ChessBase"]
[SourceDate "1997.01.01"]
[SourceVersion "1"]
[SourceVersionDate "1997.01.01"]
[SourceQuality "1"]

1. d4 Nf6 2. c4 e5 3. dxe5 Ng4 4. Nf3 Bc5 5. e3 Nc6 6. a3 a5 7. b3 0-0 8. Bb2 Re8 9. Be2 Ngxe5 10. 0-0 Nxf3+ 11. gxf3 Re6 12. Nd2 Qh4 13. f4 Rh6 14. Nf3 Qh3 15. Kh1 d6 16. Rg1 Bg4 17. Rg2 Rg6 18. Ng5 Bxe2 19. Qxe2 Qf5 20. Rag1 Re8 21. Qh5 h6 22. Qh3 Qc2 23. f3 Qxb3 24. Nxf7 Rxg2 25. Nxh6+ Kf8 26. Bxg7+ Ke7 27. Nf5+ Kd8 28. Bf6+ Ne7 29. Qxg2 1-0